The Art of Statistics

Uloženo v:
Podrobná bibliografie
Hlavní autor: David
Médium: Kniha
Vydáno: Pelican
Tagy: Přidat tag
Žádné tagy, Buďte první, kdo vytvoří štítek k tomuto záznamu!

MARC

LEADER 00000nam a2200000Ia 4500
005 20260513122052.0
020 |a 9780241258767 
100 |a David 
365 |c Rs. 
365 |b 20.00 
942 |c BK 
245 |a The Art of Statistics 
260 |b Pelican 
999 |c 62  |d 62 
952 |0 0  |1 0  |4 0  |7 0  |a UNSW  |b UNSW  |d 2026-04-29  |g 699.00  |i 16669  |l 0  |p 000018  |r 2026-05-13 12:20:52  |v 699.00  |w 2026-05-13  |y BK